| 000 | 01129cas a2200265 a 4500 | ||
|---|---|---|---|
| 005 | 20240924071050.0 | ||
| 006 | s|||||o|||| 00| 0 | ||
| 008 | 991125c2003 mx fr ||o| 000 0 spa d | ||
| 022 | _a1870-1671 | ||
| 035 | _aUPN01000206580 | ||
| 040 |
_aMX-MxUPN _bspa |
||
| 049 | _aREV-E | ||
| 245 | 0 | 0 |
_aLenguas en contexto _h[recurso electrónico en línea] |
| 260 |
_aPuebla : _bBenemérita Universidad Autónoma de Puebla. Facultad de Lenguas, _c2003 - |
||
| 310 | _aAnual | ||
| 506 | 0 | _aAcceso abierto | |
| 510 | 0 | _aLatindex | |
| 520 |
_a"La revista Lenguas en contexto es un órgano de difusión de la investigación, la reflexión y el conocimiento en torno al lenguaje y las lenguas, su enseñanza, su aprendizaje y su traducción. Difunde, sin fines de lucro, artículos académicos inéditos de calidad en torno a estos temas". _cLenguas en contexto |
||
| 650 | 4 |
_aLingüística _96151 |
|
| 650 | 2 |
_912972 _aLENGUAJE Y LENGUAS - _xASPECTOS SOCIALES |
|
| 650 | 4 |
_aLenguaje y lenguas _xEstudio y enseñanza _96150 |
|
| 856 | 4 | _uhttp://www.facultaddelenguas.com/lencontexto/ | |
| 905 | _aRevista | ||
| 942 | _cREV-E | ||
| 999 |
_c178681 _d178681 |
||